Handbook of research on retailing / (Record no. 2790)

MARC details
000 -LEADER
fixed length control field 00830cam a22002413i 4500
003 - CONTROL NUMBER IDENTIFIER
control field GSU
005 - DATE AND TIME OF LATEST TRANSACTION
control field 20260619092254.0
008 - FIXED-LENGTH DATA ELEMENTS--GENERAL INFORMATION
fixed length control field 180928s2018 xxk|||||||||||000 ||eng|d
020 ## - INTERNATIONAL STANDARD BOOK NUMBER
International Standard Book Number 9781786430274 (hardback)
040 ## - CATALOGING SOURCE
Original cataloging agency Sha
Language of cataloging eng
Description conventions rda
Transcribing agency GSU
Modifying agency GSU
050 00 - LIBRARY OF CONGRESS CALL NUMBER
Classification number HF5429
Item number HAN
245 10 - TITLE STATEMENT
Title Handbook of research on retailing /
Statement of responsibility, etc. edited by Katrijn Gielens, Els Gijsbrechts.
264 #1 - PRODUCTION, PUBLICATION, DISTRIBUTION, MANUFACTURE, AND COPYRIGHT NOTICE
Place of production, publication, distribution, manufacture Cheltenham :
Name of producer, publisher, distributor, manufacturer Edward Elgar Publishing,
Date of production, publication, distribution, manufacture, or copyright notice ©2018
300 ## - PHYSICAL DESCRIPTION
Extent xxv, 445 pages :
Other physical details illustrations ;
Dimensions 24 cm
336 ## - CONTENT TYPE
Content type term text
Content type code txt
Source rdacontent
337 ## - MEDIA TYPE
Media type term unmediated
Media type code n
Source rdamedia
338 ## - CARRIER TYPE
Carrier type term volume
Carrier type code nc
Source rdacarrier
504 ## - BIBLIOGRAPHY, ETC. NOTE
Bibliography, etc. note Includes bibliographical references and index.
650 ## - SUBJECT ADDED ENTRY--TOPICAL TERM
Topical term or geographic name entry element Retail trade
General subdivision Research
700 1# - ADDED ENTRY--PERSONAL NAME
Personal name Gielens, Katrijn
Relator term editor
700 1# - ADDED ENTRY--PERSONAL NAME
Personal name Gijsbrechts, Els
Relator term editor
942 ## - ADDED ENTRY ELEMENTS (KOHA)
Source of classification or shelving scheme Library of Congress Classification
Koha item type Books
Classification part HF5429
Call number prefix HF
Call number suffix HAN
Suppress in OPAC No
Holdings
Withdrawn status Lost status Source of classification or shelving scheme Damaged status Not for loan Collection code Home library Current library Shelving location Date acquired Source of acquisition Inventory number Total Checkouts Full call number Barcode Date last seen Copy number Price effective from Koha item type
    Library of Congress Classification     General Collection GSU Library Epoch GSU Library Epoch General Stacks 18/06/2026 B A I 05563   HF5429 HAN 50000006959 18/06/2026 1 18/06/2026 Books